000 00349nam a22001457a 4500
003 NUST
005 20220816164654.0
020 _a9781941234075
038 _aAzhar
082 _a428.75
_bMAN
245 _aSentence correction : GMAT strategy guide
_cManhattan Prep
260 _aNew York
_bManhattan Prep
_c2014
300 _a266p
942 _2ddc
_cLC
999 _c591075
_d591075